[Event "Int. Stuttgarter Stadtmeisterschaft A"]
[Site "Ditzingen"]
[Date "2013.05.10"]
[Round "3.10"]
[White "Scherer, Holger"]
[Black "Neyman, Igor"]
[Result "1/2-1/2"]
[WhiteElo "2131"]
[BlackElo "2334"]
[PlyCount "103"]
[EventDate "2013.??.??"]
[WhiteTeam "SK Lauffen"]
[BlackTeam "Stuttgarter SF 1879"]

1. e4 c5 2. Nf3 a6 3. c4 e6 4. d4 cxd4 5. Nxd4 Qc7 6. Bd3 Nf6 7. Nc3 Bc5 8. Nb3
Be7 9. Be3 d6 10. O-O Nbd7 11. f4 b6 12. Qe2 Bb7 13. Rae1 Nc5 14. Nxc5 bxc5 15.
Bd2 Nd7 16. e5 Rd8 17. f5 Nxe5 18. fxe6 fxe6 19. Bc2 Kd7 20. Bf4 Rdf8 21. Bxe5
dxe5 22. Qg4 Kc8 23. Qxe6+ Kb8 24. Be4 Qd6 25. Rxf8+ Rxf8 26. Qxd6+ Bxd6 27.
Bxh7 e4 28. Bxe4 Be5 29. Bxb7 Bd4+ 30. Kh1 Kxb7 31. Ne4 Kc6 32. b3 a5 33. g3 a4
34. Kg2 axb3 35. axb3 Ra8 36. Rb1 Ra2+ 37. Kf3 Rxh2 38. b4 Rc2 39. bxc5 Bxc5
40. Nxc5 Kxc5 41. Rb7 Kd6 42. Rxg7 Rxc4 43. Rf7 Ke6 44. Rf8 Ke7 45. Rf5 Ke6 46.
g4 Rc1 47. Kg3 Rc7 48. Kh4 Rh7+ 49. Kg5 Rg7+ 50. Kh5 Rg8 51. Rf1 Rh8+ 52. Kg5
1/2-1/2

[Event "Int. Stuttgarter Stadtmeisterschaft A"]
[Site "Ditzingen"]
[Date "2013.05.10"]
[Round "3.11"]
[White "Severin, Andreas"]
[Black "Khadempour, Farhad"]
[Result "0-1"]
[WhiteElo "2035"]
[BlackElo "2161"]
[PlyCount "117"]
[EventDate "2013.??.??"]
[WhiteTeam "SV Reutlingen"]
[BlackTeam "SV Tübingen 1870 e.V."]

1. Nf3 c5 2. g3 Nc6 3. d4 cxd4 4. Nxd4 g6 5. Bg2 Bg7 6. c3 Nf6 7. O-O O-O 8.
Nd2 Nxd4 9. cxd4 d5 10. Qb3 Qb6 11. e3 Be6 12. Qa3 Rfe8 13. Nb3 Ne4 14. Bd2 Nd6
15. Qc5 Rec8 16. Qxb6 axb6 17. a3 Nc4 18. Bc3 Nxa3 19. Nd2 Kf8 20. Rfc1 Nb5 21.
Rxa8 Rxa8 22. Bf1 Bd7 23. Bb4 Bf6 24. Nf3 Ra4 25. Bxb5 Bxb5 26. Rc8+ Kg7 27.
Ba3 Rc4 28. Rxc4 dxc4 29. Nd2 e6 30. Ne4 Bd8 31. Nd6 Ba6 32. e4 f5 33. e5 g5
34. f3 b5 35. Bc5 Ba5 36. d5 exd5 37. e6 Bd8 38. e7 Bxe7 39. Nxf5+ Kf6 40. Nxe7
Ke5 41. Kf2 d4 42. f4+ gxf4 43. gxf4+ Kxf4 44. Bxd4 b4 45. Bc5 c3 46. b3 c2 47.
Be3+ Ke4 48. Bc1 Kd3 49. Nd5 Bb5 50. Ke1 Be8 51. Nxb4+ Kc3 52. Nd5+ Kxb3 53.
Nb6 Kc3 54. Ke2 Bf7 55. Ke3 Be6 56. h4 h5 57. Ke4 Kb4 58. Kd4 Kb3 59. Kd3 0-1

[Event "Int. Stuttgarter Stadtmeisterschaft A"]
[Site "Ditzingen"]
[Date "2013.05.10"]
[Round "3.12"]
[White "Baskin, Robert"]
[Black "Wenner, Tobias"]
[Result "0-1"]
[WhiteElo "2157"]
[BlackElo "2111"]
[PlyCount "137"]
[EventDate "2013.??.??"]
[WhiteTeam "SAbt TuS Makkabi Ffm"]
[BlackTeam "SC Eppingen"]

1. e4 d5 2. exd5 Qxd5 3. Nc3 Qa5 4. d4 c6 5. Nf3 Bf5 6. Bc4 Nf6 7. Bd2 e6 8.
Nd5 Qd8 9. Nxf6+ gxf6 10. Bb3 Nd7 11. Qe2 Qc7 12. Nh4 Bg6 13. O-O-O O-O-O 14.
g3 Bd6 15. Nxg6 hxg6 16. h4 f5 17. Bg5 Rde8 18. h5 gxh5 19. Rxh5 Be7 20. Bxe7
Rxh5 21. Qxh5 Rxe7 22. f4 Qd8 23. c3 Nf6 24. Qh4 Re8 25. Re1 Rh8 26. Qg5 Rg8
27. Qh4 Rg4 28. Qh3 Qg8 29. Re3 Ne4 30. Qh6 Rg6 31. Qh4 Rxg3 32. Rxg3 Nxg3 33.
Bd1 Kd7 34. Bf3 Ne4 35. Qe1 Nd6 36. Kc2 Qh7 37. Qe5 Qh3 38. Be2 Qg2 39. Kb3 f6
40. Qe3 Qe4 41. Qd2 b5 42. a3 Qd5+ 43. Kc2 Nc4 44. Bxc4 bxc4 45. Qh2 Qe4+ 46.
Kc1 Kd6 47. Qh6 Kd5 48. Qxf6 Qxf4+ 49. Kd1 Qe3 50. Kc2 f4 51. Qg5+ Ke4 52. Qg4
e5 53. dxe5 Qd3+ 54. Kc1 Kxe5 55. Qg5+ Ke4 56. Qg6+ Ke3 57. Qg1+ Ke2 58. Qh2+
Ke1 59. Qg1+ Qf1 60. Qh2 Qf2 61. Qh1+ Qf1 62. Qh2 Qf3 63. Qg1+ Ke2 64. Qh2+ Qf2
65. Qh5+ f3 66. Kc2 Ke3+ 67. Kc1 Qe1+ 68. Kc2 Qd2+ 69. Kb1 {usw.} 0-1

[Event "Int. Stuttgarter Stadtmeisterschaft A"]
[Site "Ditzingen"]
[Date "2013.05.10"]
[Round "3.13"]
[White "Jerie, Sven"]
[Black "Bräuner, Uwe"]
[Result "1/2-1/2"]
[WhiteElo "2023"]
[BlackElo "2152"]
[PlyCount "143"]
[EventDate "2013.??.??"]
[BlackTeam "SF Pfullingen"]

1. e4 c6 2. d4 d5 3. Nc3 dxe4 4. Nxe4 Bf5 5. Ng3 Bg6 6. h4 h6 7. h5 Bh7 8. Nf3
Nd7 9. Bd3 Bxd3 10. Qxd3 Ngf6 11. Bd2 e6 12. O-O-O Qc7 13. c4 O-O-O 14. Qe2 Bd6
15. Ne4 Nxe4 16. Qxe4 Nf6 17. Qe2 Bf4 18. Kb1 Bxd2 19. Rxd2 c5 20. dxc5 Rxd2
21. Nxd2 Qxc5 22. g4 Rd8 23. Nb3 Qd6 24. f3 b6 25. Kc2 Qf4 26. Rd1 Rxd1 27.
Kxd1 Nd7 28. Nd2 Ne5 29. c5 Qd4 30. cxb6 axb6 31. Kc2 Nc6 32. a3 Kc7 33. Kb1
Qd5 34. Qe3 f6 35. Qc3 e5 36. Ne4 Kb7 37. Qe3 Qd1+ 38. Ka2 Nd4 39. Nd2 Ka7 40.
Qc3 Kb7 41. Qb4 Nc2 42. Qe4+ Kb8 43. Nb3 Ne1 44. Qc6 Qd8 45. Qe4 Nd3 46. Qe3
Ka7 47. Qe4 Qd7 48. Qc4 Nf4 49. a4 Ne6 50. a5 b5 51. Qb4 Ka6 52. Qe4 Ka7 53.
Qe3+ Nd4 54. f4 Qd5 55. fxe5 fxe5 56. Qc3 Qxb3+ 57. Qxb3 Nxb3 58. Kxb3 Ka6 59.
Kb4 e4 60. Kc3 Kxa5 61. Kd4 Kb4 62. Kxe4 Kb3 63. Kf5 Kxb2 64. Kg6 Kc2 65. Kxg7
b4 66. g5 b3 67. gxh6 b2 68. h7 b1=Q 69. h8=Q Qb7+ 70. Kf6 Qc6+ 71. Kg5 Qg2+
72. Kh6 1/2-1/2

[Event "Int. Stuttgarter Stadtmeisterschaft A"]
[Site "Ditzingen"]
[Date "2013.05.10"]
[Round "3.14"]
[White "Hamm, Lukas"]
[Black "Nabavi, Parwis"]
[Result "0-1"]
[WhiteElo "1890"]
[BlackElo "2139"]
[PlyCount "40"]
[EventDate "2013.??.??"]
[WhiteTeam "SV Stuttgart-Wolfbusch 1956 e.V."]
[BlackTeam "SGEM Dreisamtal"]

1. e4 e5 2. Nf3 Nc6 3. Bc4 Bc5 4. c3 Nf6 5. d4 exd4 6. cxd4 Bb4+ 7. Nc3 Nxe4 8.
O-O Bxc3 9. d5 Ne5 10. bxc3 Nxc4 11. Qd4 O-O 12. Qxe4 Nd6 13. Qd3 Qf6 14. Bg5
Qf5 15. Qd2 Ne4 16. Qd4 Nxg5 17. Nxg5 Qxg5 18. d6 cxd6 19. Qxd6 b6 20. Qc7 Qc5
0-1

[Event "Int. Stuttgarter Stadtmeisterschaft A"]
[Site "Ditzingen"]
[Date "2013.05.10"]
[Round "3.15"]
[White "Ortmann, David"]
[Black "Keller, Harald"]
[Result "1-0"]
[WhiteElo "2302"]
[BlackElo "2049"]
[PlyCount "101"]
[EventDate "2013.??.??"]
[WhiteTeam "SC Böblingen 1975 e.V."]
[BlackTeam "SV Rottweil"]

1. Nf3 Nf6 2. c4 c5 3. Nc3 Nc6 4. g3 g6 5. d4 cxd4 6. Nxd4 Bg7 7. Bg2 O-O 8.
O-O Nxd4 9. Qxd4 d6 10. Qd3 Qa5 11. Bd2 Qh5 12. h4 Rb8 13. Rac1 Be6 14. b3 h6
15. Nd5 Nxd5 16. cxd5 Bg4 17. Rfe1 Rbc8 18. Qe3 Rxc1 19. Rxc1 Bf6 20. Qxa7 Bxe2
21. Qxb7 g5 22. hxg5 hxg5 23. Rc8 Ba6 24. Rxf8+ Kxf8 25. Qb8+ Kg7 26. Qb4 Qd1+
27. Be1 Bd4 28. Qd2 Qg4 29. a4 Ba7 30. b4 f6 31. b5 Bb7 32. a5 Bc5 33. a6 Ba8
34. Qd3 Qa4 35. Qe4 Qxb5 36. Qxe7+ Kg8 37. Qd8+ Kg7 38. Qxa8 Qe2 39. Qb7+ Kh6
40. Qb1 Qxa6 41. Qe4 Qa3 42. g4 Qg3 43. Qf3 Qxf3 44. Bxf3 Kg6 45. Be4+ Kf7 46.
Bc3 Ba3 47. Kf1 Bc1 48. Ke2 Bf4 49. Kd3 Bh2 50. Bf5 Bf4 51. Ke4 1-0

[Event "Int. Stuttgarter Stadtmeisterschaft A"]
[Site "Ditzingen"]
[Date "2013.05.10"]
[Round "3.16"]
[White "Bissbort, Julian"]
[Black "Dobosz, Henryk"]
[Result "0-1"]
[WhiteElo "2034"]
[BlackElo "2374"]
[PlyCount "116"]
[EventDate "2013.??.??"]
[WhiteTeam "Heilbronner SV"]
[BlackTeam "BG Buchen"]

1. e4 d6 2. d4 g6 3. Nf3 Bg7 4. Bc4 Nf6 5. Qe2 O-O 6. e5 dxe5 7. dxe5 Nd5 8.
O-O Bg4 9. Nbd2 c6 10. h3 Bf5 11. Nd4 Bc8 12. N2f3 e6 13. Bg5 Qc7 14. Bb3 a5
15. c4 Nb4 16. a3 N4a6 17. Bc2 Nc5 18. b4 axb4 19. axb4 Rxa1 20. Rxa1 Nca6 21.
Rb1 b6 22. Qe3 Bb7 23. h4 Re8 24. Bh6 Bh8 25. h5 Nd7 26. Bf4 Bg7 27. Ba4 Ra8
28. hxg6 hxg6 29. Bc2 c5 30. Nb5 Qb8 31. bxc5 Naxc5 32. Nd6 Bxf3 33. gxf3 Ra5
34. Rb5 Qa8 35. Bg3 Rxb5 36. Nxb5 Qa1+ 37. Kg2 Bxe5 38. f4 Bg7 39. Qf3 Qa2 40.
Bd3 Qb3 41. Qa8+ Bf8 42. Bf1 Qc2 43. Qe8 Qe4+ 44. Kg1 Nf6 45. Qd8 Nh5 46. Nd6
Qc6 47. Nc8 Qd7 48. Bh4 f6 49. Qxd7 Nxd7 50. Bg2 Bc5 51. Bc6 Nb8 52. Be8 Kg7
53. Kg2 Nxf4+ 54. Kf3 g5 55. Bg3 Na6 56. Ke4 Nc7 57. f3 f5+ 58. Ke5 Nd3# 0-1

[Event "Int. Stuttgarter Stadtmeisterschaft A"]
[Site "Ditzingen"]
[Date "2013.05.10"]
[Round "3.17"]
[White "Löhr, Markus"]
[Black "Gentner, Markus"]
[Result "1-0"]
[WhiteElo "2235"]
[BlackElo "2028"]
[PlyCount "99"]
[EventDate "2013.??.??"]
[WhiteTeam "SK Schmiden/Cannstatt"]
[BlackTeam "SC Murrhardt 1948 e.V."]

1. d4 Nf6 2. c4 e6 3. g3 c5 4. d5 exd5 5. cxd5 d6 6. Nc3 g6 7. Bg2 Bg7 8. Nf3
O-O 9. O-O a6 10. a4 Re8 11. Bf4 Nh5 12. Bg5 f6 13. Be3 Bf8 14. Re1 Nd7 15. Rb1
Nb6 16. Qb3 Bf5 17. Ra1 Rb8 18. a5 Na8 19. Nh4 Bd7 20. Qc2 f5 21. Nf3 h6 22.
Nh4 Kh7 23. Bd2 Qf6 24. f4 Nc7 25. e4 Bg7 26. Bf3 Nxf4 27. Bxf4 g5 28. Bxd6
Qxd6 29. Nxf5 Bxf5 30. exf5 Bd4+ 31. Kg2 Kh8 32. Qd2 Nb5 33. Re6 Qf8 34. Rae1
Nc7 35. Rxe8 Nxe8 36. g4 Nd6 37. Re6 Nc4 38. Qe2 Nxa5 39. Ne4 Nb3 40. Nd6 Bf6
41. Qe4 b5 42. Ne8 Nd4 43. Nxf6 Nxe6 44. Qxe6 Rd8 45. Nh5 Qd6 46. Qf7 Qf8 47.
Qg6 Rd6 48. f6 c4 49. Be4 Rd7 50. Ng7 1-0

[Event "Int. Stuttgarter Stadtmeisterschaft A"]
[Site "Ditzingen"]
[Date "2013.05.10"]
[Round "3.18"]
[White "Jurasin, Marin"]
[Black "Bluma, Marcel"]
[Result "0-1"]
[WhiteElo "2034"]
[BlackElo "2109"]
[PlyCount "60"]
[EventDate "2013.??.??"]
[WhiteTeam "SG Schönbuch"]
[BlackTeam "SC Ingersheim e.V."]

1. Nf3 d5 2. d4 Nf6 3. c4 e6 4. Nc3 Be7 5. Bg5 O-O 6. e3 Ne4 7. Bxe7 Qxe7 8.
Nxe4 dxe4 9. Nd2 f5 10. Be2 Nd7 11. O-O e5 12. d5 Nf6 13. Qc2 g5 14. a3 f4 15.
c5 Bf5 16. c6 b6 17. Bc4 Kh8 18. Rfd1 Rad8 19. Nf1 Rd6 20. b4 Qf7 21. Qc3 Re8
22. a4 Bg4 23. exf4 gxf4 24. Re1 Qh5 25. a5 Bf3 26. gxf3 exf3 27. Ra3 e4 28.
Ng3 fxg3 29. hxg3 Kg8 30. Be2 Ng4 0-1

[Event "Int. Stuttgarter Stadtmeisterschaft A"]
[Site "Ditzingen"]
[Date "2013.05.10"]
[Round "3.19"]
[White "Schuster, Gerhard"]
[Black "Schulte, Torsten"]
[Result "1-0"]
[WhiteElo "2017"]
[BlackElo "2125"]
[PlyCount "59"]
[EventDate "2013.??.??"]
[WhiteTeam "SC Feuerbach e. V."]
[BlackTeam "SC Eppingen"]

1. e4 e5 2. Nf3 Nc6 3. Bb5 a6 4. Ba4 Nf6 5. O-O Nxe4 6. d4 b5 7. Bb3 d5 8. dxe5
Be6 9. c3 Bc5 10. Qd3 O-O 11. Be3 Bxe3 12. Qxe3 Qe7 13. Nbd2 Nxd2 14. Qxd2 Qc5
15. Bc2 Bg4 16. Ng5 h6 17. Nh7 Rfd8 18. Nf6+ gxf6 19. exf6 Kf8 20. Rfe1 Be6 21.
Rxe6 fxe6 22. Bg6 Rd7 23. Qxh6+ Kg8 24. Re1 Qf8 25. Qg5 Rf7 26. Bh5+ Kh8 27.
Rxe6 Na5 28. Bxf7 Qxf7 29. Re7 Re8 30. Rxe8+ 1-0

[Event "Int. Stuttgarter Stadtmeisterschaft A"]
[Site "Ditzingen"]
[Date "2013.05.10"]
[Round "3.20"]
[White "Rau, Jürgen"]
[Black "Tran, Thanh Kien"]
[Result "1/2-1/2"]
[WhiteElo "2124"]
[BlackElo "1977"]
[PlyCount "41"]
[EventDate "2013.??.??"]
[WhiteTeam "SV Dicker Turm Esslingen"]
[BlackTeam "VLK Lampertheim"]

1. c4 Nf6 2. Nc3 Nc6 3. g3 e5 4. Bg2 Bb4 5. Nd5 Bc5 6. e3 d6 7. Ne2 Nxd5 8.
cxd5 Ne7 9. Nc3 a6 10. O-O O-O 11. a3 Bf5 12. e4 Bd7 13. d3 c6 14. dxc6 bxc6
15. Qe2 Rb8 16. Kh1 Bd4 17. Be3 Bxe3 18. fxe3 Qb6 19. Rf2 Be6 20. Rd1 c5 21.
Nd5 1/2-1/2

[Event "Int. Stuttgarter Stadtmeisterschaft A"]
[Site "Ditzingen"]
[Date "2013.05.10"]
[Round "3.21"]
[White "Bongartz, Philipp"]
[Black "Kammer, Christoph"]
[Result "1-0"]
[WhiteElo "2121"]
[BlackElo "1968"]
[PlyCount "89"]
[EventDate "2013.??.??"]
[WhiteTeam "Godesberger Schachklub 1929 e.V."]
[BlackTeam "TSV Nittenau"]

1. e4 c5 2. Nf3 g6 3. c3 Qa5 4. a3 Nc6 5. Bc4 Bg7 6. O-O d6 7. Re1 e6 8. Ra2 b5
9. Bf1 Rb8 10. d3 Nge7 11. Be3 O-O 12. d4 cxd4 13. b4 Qd8 14. Nxd4 Nxd4 15.
Bxd4 Bxd4 16. cxd4 a5 17. Qd2 axb4 18. axb4 Nc6 19. Na3 Na7 20. Rc1 Bd7 21. Nc2
Rb7 22. Ra5 Qb8 23. Na3 Rc8 24. d5 Rxc1 25. Qxc1 exd5 26. exd5 Rc7 27. Qf4 Qb6
28. Qf6 Rc1 29. Qf4 Rd1 30. Qe3 Nc8 31. Qe2 Rxd5 32. Nxb5 Re5 33. Qc4 Be6 34.
Qc3 Ne7 35. Ra8+ Kg7 36. Nd4 Nd5 37. Nxe6+ fxe6 38. Qa1 Qxb4 39. g3 Qe1 40. Qd4
Qe4 41. Qa7+ Kh6 42. Rg8 Rh5 43. Qg7+ Kg5 44. Rf8 Qb1 45. h4+ 1-0

[Event "Int. Stuttgarter Stadtmeisterschaft A"]
[Site "Ditzingen"]
[Date "2013.05.10"]
[Round "3.22"]
[White "Ast, Bernhard"]
[Black "Scharping, Hans-Martin"]
[Result "1/2-1/2"]
[WhiteElo "1962"]
[BlackElo "2120"]
[PlyCount "37"]
[EventDate "2013.??.??"]
[WhiteTeam "SC Iffezheim"]
[BlackTeam "SC Pforzheim 1906"]

1. Nf3 c5 2. e4 Nf6 3. Nc3 d5 4. exd5 Nxd5 5. Ne5 Nxc3 6. bxc3 Qc7 7. Bb5+ Bd7
8. Nxd7 Nxd7 9. O-O e6 10. Qg4 O-O-O 11. Re1 Bd6 12. h3 Kb8 13. Rb1 h5 14. Qe2
g5 15. d4 Rdg8 16. Ba3 Nb6 17. dxc5 Bxc5 18. Bxc5 Qxc5 19. Qe5+ 1/2-1/2

[Event "Int. Stuttgarter Stadtmeisterschaft A"]
[Site "Ditzingen"]
[Date "2013.05.10"]
[Round "3.23"]
[White "Scheeff, Volker"]
[Black "Bergauz, Noam"]
[Result "1/2-1/2"]
[WhiteElo "2109"]
[BlackElo "1900"]
[PlyCount "56"]
[EventDate "2013.??.??"]
[WhiteTeam "SK Schmiden/Cannstatt"]
[BlackTeam "SK München Südost e.V."]

1. e4 e6 2. d4 d5 3. Nc3 Bb4 4. e5 Ne7 5. a3 Bxc3+ 6. bxc3 c5 7. h4 Qc7 8. Nf3
b6 9. h5 h6 10. Bb5+ Bd7 11. Bd3 Nbc6 12. Be3 Na5 13. g4 cxd4 14. cxd4 Nc4 15.
Bc1 Ba4 16. Qe2 Nxe5 17. Qxe5 Qc3+ 18. Ke2 Qxa1 19. Qxg7 Rg8 20. Qf6 Rc8 21.
Re1 Bxc2 22. Bb5+ Kd8 23. Ne5 Bd1+ 24. Rxd1 Rc2+ 25. Kf1 Rxc1 26. Nxf7+ Kc8 27.
Ba6+ Kd7 28. Bb5+ Kc8 1/2-1/2

[Event "Int. Stuttgarter Stadtmeisterschaft A"]
[Site "Ditzingen"]
[Date "2013.05.10"]
[Round "3.24"]
[White "Ackermann, Hermann"]
[Black "Schröder, Kevin"]
[Result "0-1"]
[WhiteElo "1973"]
[BlackElo "2046"]
[PlyCount "84"]
[EventDate "2013.??.??"]
[WhiteTeam "SC Pforzheim 1906"]
[BlackTeam "LSV Turm Lippstadt"]

1. Nf3 c5 2. c4 Nc6 3. Nc3 g6 4. d4 cxd4 5. Nxd4 Bg7 6. Nxc6 bxc6 7. e4 Rb8 8.
Qc2 Nf6 9. Bf4 d6 10. Be2 O-O 11. O-O Qa5 12. a3 Rxb2 13. Qxb2 Nxe4 14. Rac1
Nxc3 15. Qc2 Qf5 16. Be3 Qxc2 17. Rxc2 Bf5 18. Rxc3 Bxc3 19. g4 Be6 20. Rb1 Rd8
21. Bxa7 Ra8 22. Rb3 Rxa7 23. Rxc3 Ra4 24. Bf3 c5 25. Bc6 Rxc4 26. Rxc4 Bxc4
27. a4 Ba6 28. Bb5 Bc8 29. f3 Kf8 30. a5 e6 31. a6 Ke7 32. g5 f6 33. h4 fxg5
34. hxg5 d5 35. Kf2 Kd6 36. Ke3 Kc7 37. a7 Kb7 38. Be8 Kxa7 39. Bf7 d4+ 40. Kd2
e5 41. Bg8 Kb6 42. Bxh7 Bf5 0-1

[Event "Int. Stuttgarter Stadtmeisterschaft A"]
[Site "Ditzingen"]
[Date "2013.05.10"]
[Round "3.25"]
[White "Zikeli, Saskia"]
[Black "Kaplunov, Vadym"]
[Result "1-0"]
[WhiteElo "2109"]
[BlackElo "1953"]
[PlyCount "55"]
[EventDate "2013.??.??"]
[WhiteTeam "SC Ingersheim e.V."]
[BlackTeam "Stuttgarter SF 1879"]

1. e4 c6 2. d4 d5 3. Nc3 dxe4 4. Nxe4 Nd7 5. Bc4 e6 6. Nf3 Ngf6 7. Nxf6+ Nxf6
8. O-O Be7 9. Qe2 O-O 10. Bg5 Re8 11. Rad1 b5 12. Bd3 Bb7 13. Ne5 Qc7 14. Rfe1
a6 15. c3 Rad8 16. Bb1 c5 17. dxc5 Rxd1 18. Rxd1 Qxc5 19. Bxf6 Bxf6 20. Bxh7+
Kh8 21. Nxf7+ Kxh7 22. Nd6 Bc6 23. Nxe8 Bxe8 24. Qxe6 Bc6 25. Rd3 a5 26. Rh3+
Kg6 27. Rg3+ Kh7 28. Qf7 1-0

[Event "Int. Stuttgarter Stadtmeisterschaft A"]
[Site "Ditzingen"]
[Date "2013.05.10"]
[Round "3.26"]
[White "Walliser, Holger"]
[Black "Wettengel, Alexander"]
[Result "0-1"]
[WhiteElo "1942"]
[BlackElo "2096"]
[PlyCount "82"]
[EventDate "2013.??.??"]
[WhiteTeam "SK Sontheim/Brenz e.V."]
[BlackTeam "Stuttgarter SF 1879"]

1. e4 c5 2. Nf3 a6 3. d4 cxd4 4. Nxd4 Nf6 5. Nc3 e5 6. Nf3 Nc6 7. Bc4 b5 8. Bd5
Qc7 9. O-O Be7 10. Ng5 O-O 11. f4 exf4 12. Bxf4 d6 13. Be3 Rb8 14. Nf3 b4 15.
Ne2 Ng4 16. Bd4 Nxd4 17. Nfxd4 Ne3 18. Qd2 Nxd5 19. exd5 Qc5 20. c4 bxc3 21.
Qxc3 Bf6 22. Qxc5 dxc5 23. Nb3 c4 24. Na5 Rxb2 25. Nf4 Rb5 26. Nxc4 Bd4+ 27.
Kh1 Bxa1 28. Rxa1 Bg4 29. h3 g5 30. Nd6 Rb6 31. Ne4 gxf4 32. hxg4 Re8 33. Nc5
Rd8 34. Rd1 Kg7 35. Ne4 Rb4 36. Nc5 Rb5 37. Nxa6 Rbxd5 38. Rf1 Rd1 39. Kg1
Rxf1+ 40. Kxf1 Ra8 41. Nb4 Kf6 0-1

[Event "Int. Stuttgarter Stadtmeisterschaft A"]
[Site "Ditzingen"]
[Date "2013.05.10"]
[Round "3.27"]
[White "von Zimmermann, Georg"]
[Black "Wedrychowski, Lukas"]
[Result "1-0"]
[WhiteElo "2070"]
[BlackElo "1925"]
[PlyCount "71"]
[EventDate "2013.??.??"]
[WhiteTeam "MSA Zugzwang 82 e.V."]
[BlackTeam "SC Garching 1980 e.V."]

1. e4 e5 2. Nc3 Nf6 3. g3 Bc5 4. Bg2 Nc6 5. Nge2 O-O 6. O-O a6 7. h3 d6 8. d3
Be6 9. Kh2 d5 10. exd5 Nxd5 11. Ne4 Be7 12. f4 exf4 13. Nxf4 Nxf4 14. Bxf4 f5
15. Nc3 Qd7 16. Qd2 Bd6 17. Rae1 Kh8 18. a3 Rae8 19. Ne2 Bxf4 20. Nxf4 Bf7 21.
Qc3 Nd8 22. d4 c6 23. Nd3 Bd5 24. Rxe8 Qxe8 25. Bxd5 cxd5 26. Re1 Qc6 27. Nf4
g5 28. Nd3 Kg7 29. Re7+ Rf7 30. Rxf7+ Nxf7 31. Qxc6 bxc6 32. Nb4 Nd8 33. Nxa6
Kf6 34. Nb4 Ke7 35. Kg2 Kd6 36. Nd3 1-0

[Event "Int. Stuttgarter Stadtmeisterschaft A"]
[Site "Ditzingen"]
[Date "2013.05.10"]
[Round "3.28"]
[White "Pfeifer, Wilfried"]
[Black "Zeller, Elisa"]
[Result "1/2-1/2"]
[WhiteElo "2050"]
[BlackElo "1896"]
[PlyCount "37"]
[EventDate "2013.??.??"]
[WhiteTeam "TSF Ditzingen"]
[BlackTeam "SF Deizisau"]

1. f4 e6 2. Nf3 d5 3. e3 c5 4. b3 Nc6 5. Bb2 Nf6 6. Bb5 Bd7 7. O-O Be7 8. Bxc6
bxc6 9. Ne5 O-O 10. d3 a5 11. Nc3 d4 12. exd4 cxd4 13. Na4 c5 14. Nxd7 Nxd7 15.
Qe2 Nf6 16. Rae1 Re8 17. Bc1 Bd6 18. c4 Qc7 19. Qf3 1/2-1/2

[Event "Int. Stuttgarter Stadtmeisterschaft A"]
[Site "Ditzingen"]
[Date "2013.05.10"]
[Round "3.29"]
[White "Büter, Norbert"]
[Black "Srokovskiy, Andrea"]
[Result "1-0"]
[WhiteElo "2048"]
[BlackElo "1767"]
[PlyCount "39"]
[EventDate "2013.??.??"]
[WhiteTeam "SpVgg Rommelshausen"]
[BlackTeam "OSG Baden-Baden"]

1. d4 d5 2. Nf3 Nf6 3. Bg5 e6 4. e3 Be7 5. Bd3 O-O 6. Nbd2 b6 7. c3 Bb7 8. Ne5
Nbd7 9. h4 c5 10. Qe2 Qc7 11. Ndf3 Nxe5 12. Nxe5 Ne4 13. Bf4 Bd6 14. Qg4 Qe7
15. h5 f6 16. Ng6 Qd7 17. Nxf8 Rxf8 18. Bxd6 Qxd6 19. Bxe4 dxe4 20. dxc5 1-0

[Event "Int. Stuttgarter Stadtmeisterschaft A"]
[Site "Ditzingen"]
[Date "2013.05.10"]
[Round "3.30"]
[White "Schulz, Jens Peter"]
[Black "Turski, Tomasz"]
[Result "1-0"]
[WhiteElo "1839"]
[BlackElo "2042"]
[PlyCount "101"]
[EventDate "2013.??.??"]
[WhiteTeam "SV Dicker Turm Esslingen"]
[BlackTeam "SC Ingersheim e.V."]

1. e4 d6 2. d4 Nf6 3. Nc3 c6 4. f3 g6 5. Be3 Bg7 6. Qd2 O-O 7. O-O-O b5 8. Kb1
Qc7 9. h4 e5 10. Nce2 Be6 11. Nh3 Bxh3 12. Rxh3 Nbd7 13. Bh6 Nb6 14. Nc1 d5 15.
Bxg7 Kxg7 16. dxe5 Qxe5 17. Nd3 Qe7 18. e5 Nfd7 19. h5 Nc4 20. Qc3 a5 21. f4 c5
22. Qe1 d4 23. Qh4 Qxh4 24. Rxh4 Ne3 25. Re1 c4 26. Nf2 Nb6 27. Ne4 Nbd5 28.
Nd6 Rab8 29. f5 Nxf5 30. Nxf5+ gxf5 31. Rxd4 Ne7 32. Rd7 Rfe8 33. e6 f6 34. g3
Kh6 35. a4 bxa4 36. Bxc4 Rb4 37. Bd3 a3 38. b3 a4 39. Ka2 axb3+ 40. Kxa3 Rg4
41. cxb3 Rxg3 42. Rc1 f4 43. Rcc7 f3 44. Rxe7 Rxe7 45. Rxe7 f5 46. Rf7 f2 47.
Bc4 Kxh5 48. Rxf5+ Kh4 49. Rxf2 Rg8 50. Rh2+ Kg3 51. Rxh7 1-0

[Event "Int. Stuttgarter Stadtmeisterschaft A"]
[Site "Ditzingen"]
[Date "2013.05.10"]
[Round "3.31"]
[White "Montigel, Philipp"]
[Black "Koch, Martin"]
[Result "1/2-1/2"]
[WhiteElo "2144"]
[BlackElo "1876"]
[PlyCount "37"]
[EventDate "2013.??.??"]
[WhiteTeam "SV Stuttgart-Wolfbusch 1956 e.V."]
[BlackTeam "SC Schachmatt Botnang"]

1. e4 c5 2. Nc3 d6 3. g3 Nc6 4. Bg2 g6 5. d3 Bg7 6. f4 e5 7. Nge2 Nge7 8. O-O
O-O 9. Be3 b6 10. Qd2 Nd4 11. Rf2 Bb7 12. Raf1 Qd7 13. h3 d5 14. exd5 Nxd5 15.
Nxd5 Bxd5 16. Nc3 Bxg2 17. Kxg2 exf4 18. Bxf4 f5 19. Bh6 1/2-1/2

[Event "Int. Stuttgarter Stadtmeisterschaft A"]
[Site "Ditzingen"]
[Date "2013.05.10"]
[Round "3.32"]
[White "Zeh, Rolf"]
[Black "Gabriel, Josef"]
[Result "0-1"]
[WhiteElo "1947"]
[BlackElo "2123"]
[PlyCount "78"]
[EventDate "2013.??.??"]
[WhiteTeam "SV 23 Böckingen"]
[BlackTeam "Stuttgarter SF 1879"]

1. d4 Nf6 2. c4 g6 3. Nc3 Bg7 4. e4 d6 5. f3 O-O 6. Be3 c6 7. Nge2 e5 8. Qd2 a6
9. a4 a5 10. Rd1 Nbd7 11. dxe5 dxe5 12. Ng3 Re8 13. Qf2 Qe7 14. Bd3 Bf8 15. O-O
Nc5 16. Bc2 h6 17. Rd2 Ne6 18. Rfd1 Qb4 19. Bd3 Nc5 20. Qe2 Nb3 21. Rc2 Nd4 22.
Bxd4 exd4 23. Nb1 Qxa4 24. Nd2 Qb4 25. h3 Qd6 26. Qf2 Nd7 27. Nb3 c5 28. f4 Qe6
29. f5 Qe5 30. fxg6 fxg6 31. Rf1 Bg7 32. Nd2 Rf8 33. Nf3 Qd6 34. Ne2 Ra6 35.
Qg3 Ne5 36. Nxe5 Rxf1+ 37. Kxf1 Bxe5 38. Qe1 Qf8+ 39. Kg1 Rf6 0-1

[Event "Int. Stuttgarter Stadtmeisterschaft A"]
[Site "Ditzingen"]
[Date "2013.05.10"]
[Round "3.33"]
[White "Häussler, Daniel"]
[Black "Bergner, Philipp"]
[Result "1/2-1/2"]
[WhiteElo "1992"]
[BlackElo "1946"]
[PlyCount "67"]
[EventDate "2013.??.??"]
[WhiteTeam "SC Ostfildern 1952 e.V."]
[BlackTeam "Mönchfelder SV 1967"]

1. d4 Nf6 2. Nf3 g6 3. Nbd2 Bg7 4. e4 d6 5. Bd3 c6 6. O-O Nbd7 7. Re1 e5 8. c3
O-O 9. b3 Qc7 10. a4 exd4 11. cxd4 c5 12. Ba3 b6 13. Rc1 Bb7 14. h3 Rad8 15.
Bb2 Qb8 16. d5 Rfe8 17. Nc4 Ba6 18. Rc2 Bxc4 19. bxc4 Nh5 20. Bxg7 Nxg7 21. Qd2
Ne5 22. Nxe5 Rxe5 23. f4 Re7 24. Qc3 Rde8 25. g4 f5 26. Kg2 fxe4 27. Rce2 Qd8
28. Rxe4 Rxe4 29. Rxe4 Rxe4 30. Bxe4 Qe8 31. Qc2 Qe7 32. Kg3 Ne8 33. Kf3 Qh4
34. Kg2 1/2-1/2

[Event "Int. Stuttgarter Stadtmeisterschaft A"]
[Site "Ditzingen"]
[Date "2013.05.10"]
[Round "3.34"]
[White "Felser, Martin"]
[Black "Gheng, Simona"]
[Result "1/2-1/2"]
[WhiteElo "1880"]
[BlackElo "2025"]
[PlyCount "62"]
[EventDate "2013.??.??"]
[WhiteTeam "SK Marktoberdorf"]
[BlackTeam "TSV Schönaich"]

1. c4 e6 2. g3 d5 3. Bg2 Nf6 4. Nf3 c6 5. O-O Bd6 6. d4 Nbd7 7. Nc3 O-O 8. Qd3
dxc4 9. Qxc4 e5 10. dxe5 Nxe5 11. Nxe5 Bxe5 12. Rd1 Qe7 13. Qd3 Be6 14. Bd2
Rad8 15. Qc2 Bc4 16. Be3 Bxc3 17. Qxc3 Qe6 18. Bd4 Rfe8 19. Bxf6 gxf6 20. e3
Rxd1+ 21. Rxd1 Bxa2 22. Rd4 Bb1 23. h4 Bf5 24. Kh2 Qe5 25. Bf3 Be6 26. Qd2 f5
27. Bg2 Qf6 28. Rd6 Qe7 29. Rd4 Qf6 30. Rd6 Qe7 31. Qd4 Qf6 1/2-1/2